000 00649npc a2200205Ia 4500
001 dg10-136 [d000000018]
003 IT-MiCISF
008 161014s9999||||xx | und||
040 _aIT-MiCISF
_cIT-MiCISF
041 _ait
100 _aDepetro Vito
245 0 _aLa scuola, fattore di rischio e/o di prevenzione
_bTre conversazioni ai docenti
250 _a1a ed.
260 _a L'Aquila
_bAssociazione prevenzione droga
_c1990
300 _ap. 31
500 _a / educazione, scuola, educazione-alla-salute, famiglia, prevenzione, devianza, tossicodipendenza /
650 _aeducazione
942 _cDD
957 _71
999 _a136
_bsi
_g1
_c208018
_d208018